Łódź: ciekawostki na sieci tramwajowej - Statystyki

Ogólne statystyki
  • Ten quiz został rozwiązany 27 razy
  • Średni wynik to 4 z 8
Statystyki odpowiedzi
Podpowiedź Odpowiedź % Poprawnych
Obecnie jedyne rondo tramwajowe w mieście Rondo Lotników Lwowskich
76%
Pętla, do której prowadzi jedyny w Łodzi odcinek jednotorowy Stoki
71%
Pętla, na której układ torów umożliwia jazdę w kółko - wymień jedną (pętle uliczne niewliczone) Chocianowice Ikea | Plac Niepodległości | Widzew Stadion
57%
Nazwa jedynej stałej krańcówki w formie weksla Doły
57%
Ulica, na której znajduje się splot torów pod wiaduktem (kursowanie tramwajów zawieszone) Warszawska
52%
Nazwa skrzyżowania, na którym znajduje się jedyna "pełna gwiazda" rozjazdów Skrzyżowanie Marszałków (Piłsudskiego/Kopcińskiego/Śmigłego-Rydza)
48%
Przystanek na ul. Aleksandrowskiej, na którym znajduje się splot torów Aleksandrowska - Lechicka
43%
Jedyne skrzyżowanie, gdzie tory tramwajowe przecinają się na różnych poziomach Mickiewicza/Żeromskiego
43%
Nie znaleziono quizów pasujących do podanych kryteriów
Rozkład punktacji
Procent ludzi z każdym wynikiem
Percentyl według liczby udzielonych odpowiedzi
Twoja historia wyników
Nie rozwiązałeś tego quizu